| 000 | 00627nam a2200205 i 4500 | ||
|---|---|---|---|
| 001 | 77500 | ||
| 003 | ES-MaACL | ||
| 005 | 20250801095807.0 | ||
| 007 | t| | ||
| 008 | 041019s1910 fr ||||1| fre d | ||
| 245 | 0 | 0 |
_aAnthologie de la littérature japonaise : des origines au XXe siècle / _cpar Michel Revon. |
| 260 |
_aParis : _bC. Delagrave, _c[1910] ( _fSoc. Chon) |
||
| 300 |
_a475 p. ; _c16 cm. |
||
| 490 | 1 | _aCollection Pallas | |
| 650 | 7 |
_aLiteratura japonesa _2embne _9148472 |
|
| 700 | 1 |
_aRevon, Michel. _9148471 |
|
| 830 | 0 |
_aCollection Pallas _9180897 |
|
| 852 |
_aES-MaACL _jG-15702 |
||
| 999 |
_c77500 _d77500 |
||